LEADER 00990nam a2200253 i 4500 001 991002712769707536 005 20020508204753.0 008 010514s1979 it ||| | ita 035 $ab11049558-39ule_inst 035 $aPARLA167631$9ExL 040 $aDip.to Filosofia$bita 082 0 $a340.1 100 1 $aGiovannelli, Adriano$0145049 245 10$aDottrina pura e teoria della Costituzione in Kelsen /$cAdriano Giovannelli 260 $aMilano :$bGiuffrè,$c1979 300 $a235 p. ;$c25 cm. 490 0 $aPubblicazioni della Facoltà di scienze politiche, Università degli studi di Genova. Serie giuridica ;$v1 650 4$aKelsen, Hans 907 $a.b11049558$b23-02-17$c28-06-02 912 $a991002712769707536 945 $aLE005IF VI L 7$g1$iLE005IFA-14042$lle005$o-$pE0.00$q-$rl$s- $t0$u0$v0$w0$x0$y.i11174158$z28-06-02 996 $aDottrina pura e teoria della Costituzione in Kelsen$966887 997 $aUNISALENTO 998 $ale005$b01-01-01$cm$da $e-$fita$git $h0$i1